00629nam a2200193Ia 4500008004100000100002000041245005600061245006200117260002400179260000900203300002200212440003100234650002100265650001100286650001400297650003100311999001900342952007400361190430s9999 xx 000 0 und d aDumlao, Artemio aIlocos Norte under state of calamity due to floods/ cArtemio Dumlao, Helen Flores, Jun Elias, Raymund Catindig bThe Philippine Star c2018 aPage 2, August 27 aThe Philippine Starv33:31 aclimatic changes afloods aGeography aIlocos Norte (Philippines) c361778d361778 001040aLUXbLUXd2019-04-30l0r2019-04-30 00:00:00w2019-04-30ySE